Productivity growth in Japan and the United States

Đã lưu trong:
Sonraí Bibleagrafaíochta
Príomhúdar: Hulten, Charles R.
Formáid: Leabhar
Teanga:Undetermined
Foilsithe: Chicago University of Chicago Press 1990
Ábhair:
Clibeanna: Cuir Clib Leis
Gan Chlibeanna, Bí ar an gcéad duine leis an taifead seo a chlibeáil!
Thư viện lưu trữ: Trung tâm Học liệu Trường Đại học Cần Thơ
LEADER 00619nam a2200205Ia 4500
001 CTU_88585
008 210402s9999 xx 000 0 und d
082 |a 338.06 
082 |b H917 
100 |a Hulten, Charles R. 
245 0 |a Productivity growth in Japan and the United States 
245 0 |c Charles R. Hulten 
260 |a Chicago 
260 |b University of Chicago Press 
260 |c 1990 
650 |a Industrial productivity,Industrial productivity 
650 |x Congresses,Congresses 
650 |z Japan,United states 
904 |i Giang,Hải 
980 |a Trung tâm Học liệu Trường Đại học Cần Thơ